English Vocabulary 3 - Statistiques

Statistiques générales
  • Ce quiz a été pris 6 fois
  • Le résultat moyen est 3 sur 62
Statistiques - réponses
EN FR % Correct
straw paille
60%
promptly rapidement/sur-le-champ
40%
wisdom sagesse
40%
livestock bétail
20%
barn grange
20%
inequitie inégalité
20%
leisure loisir
20%
summed up résumer
20%
rust rouille
20%
soil terre
20%
orchard verger
20%
lurch abandonner
0%
slaughter abattage
0%
scullery arrière-cuisine/buandrie
0%
tush arrière-train
0%
hindquarter arrière-train
0%
beyond au-delà de
0%
farmyard basse-cour
0%
fluttering battement
0%
bleat bêler
0%
benevolent bienveillant
0%
ensconce cacher
0%
plough charrue
0%
rafter chevron/plafond
0%
climes cieux
0%
brood couvé
0%
knacker crever
0%
mane crinière
0%
daintily délicatement
0%
contentedly d'un air heureux
0%
paddock enclos
0%
tremendous énorme
0%
spur éperon
0%
to be trodden on être marcher sur
0%
feebly faiblement
0%
hay foin
0%
stout fort/robuste
0%
dung fumier
0%
cud herbe ruminée
0%
astray hors du droit chemin
0%
mare jument
0%
vowing jurant
0%
mincing maniéré
0%
motherly maternel
0%
tune mélodie
0%
nevertheless néanmois
0%
tidings nouvelles
0%
atom parcelle
0%
foreleg patte avant
0%
perch perchoir
0%
cheep piauler
0%
trotter pied de cochon
0%
trod piétiner
0%
seldom rare
0%
hoarse rauque
0%
window-sill rebord de fenêtre
0%
overthrow renverser
0%
boar sanglier
0%
dwell s'attarder
0%
merely seulement
0%
pop-hole trou
0%
sow truie
0%
Aucun quiz correspondant
Distribution des résultats
% des personnes avec chaque résultat
Percentile par nombre de réponses
Votre historique - résultats
Vous n’avez pas pris ce quiz